000 00539nam a22002057a 4500
001 3985
003 FISKH
005 20240529110900.0
008 240529b cb ||||| |||| 00| 0 eng d
020 _a9781842368824
040 _aFISKH
_beng
_cFISKH
_dFISKH
050 _aQ163.P29284
082 _a500
100 _aParker, Steve
245 _a100 facts :
_bScience
_cSteve Parker, Consultant: Peter Riley
260 _aSan Diego :
_bSilver Dolphin Books,
_c2002
300 _a48 pages :
_c30 cm
490 _a100 facts
942 _2ddc
_cBK
_n0
999 _c3985
_d3985